Loading...
| Literature - British | 0 | 5 | 0 | 1 | 50 | 44 | 85.40 | 0 | 1 | 10.23 | 17.74 |
| Literature - European | 0 | 4 | 0 | 0 | 40 | 43 | 92.00 | 0 | 1 | 6.78 | 12.29 |
| Mythology | 0 | 4 | 0 | 2 | 40 | 80 | 97.50 | 0 | 0 | 5.34 | 10.84 |
| Literature - American | 0 | 4 | 0 | 0 | 40 | 43 | 65.25 | 0 | 0 | 14.40 | 17.74 |
| Philosophy | 0 | 4 | 0 | 0 | 40 | 58 | 75.50 | 0 | 0 | 12.37 | 22.72 |
| Fine Arts - Painting and Sculpture | 0 | 4 | 1 | 1 | 35 | 65 | 101.00 | 0 | 0 | 4.11 | 7.43 |
| Fine Arts - Classical Music | 0 | 3 | 0 | 1 | 30 | 102 | 116.00 | 0 | 0 | 1.51 | 4.06 |
| History - World | 0 | 4 | 2 | 0 | 30 | 63 | 82.75 | 0 | 0 | 7.29 | 10.47 |
| Religion | 0 | 3 | 0 | 0 | 30 | 56 | 71.67 | 0 | 0 | 10.23 | 14.10 |
| Fine Arts - Other | 0 | 3 | 1 | 1 | 25 | 86 | 107.00 | 0 | 1 | 3.42 | 10.90 |
| Science - Biology | 0 | 2 | 0 | 0 | 20 | 63 | 72.00 | 0 | 0 | 4.95 | 8.01 |
| Geography | 0 | 2 | 0 | 1 | 20 | 110 | 111.50 | 0 | 0 | 0.00 | 3.95 |
| History - European | 0 | 2 | 0 | 1 | 20 | 68 | 85.00 | 0 | 0 | 2.94 | 3.21 |
| Literature - World | 0 | 2 | 0 | 1 | 20 | 82 | 103.50 | 0 | 0 | 2.39 | 4.86 |
| History - Other | 0 | 2 | 1 | 1 | 15 | 102 | 104.50 | 0 | 0 | 0.00 | 2.67 |
| Current Events | 0 | 1 | 1 | 1 | 5 | 109 | 109.00 | 0 | 0 | 0.00 | 1.67 |
| History - American | 0 | 1 | 1 | 0 | 5 | 105 | 105.00 | 0 | 0 | 0.00 | 1.28 |
| Science - Other | 0 | 1 | 1 | 1 | 5 | 116 | 116.00 | 0 | 0 | 0.00 | 0.69 |
| Science - Physics | 0 | 1 | 1 | 0 | 5 | 103 | 103.00 | 0 | 0 | 0.16 | 1.92 |
| Popular Culture | 0 | 1 | 2 | 0 | 0 | 37 | 37.00 | 0 | 0 | 9.65 | 9.52 |
| Social Science | 0 | 0 | 0 | 0 | 0 | 0.00 | 0 | 0 | 0.00 | 0.00 |